Statistics for Most Spoken Languages in North America

Click here to take the quiz!

General Stats

  • This quiz has been taken 76 times
    (31 since last reset)
  • The average score is 4 of 5

Answer Stats

Languages% Correct
English
100%
Spanish
96%
French
89%
Chinese/Mandarin
54%
Tagalog
36%

Score Distribution

Percentile by Number Answered

Percent of People with Each Score

Your Score History

You have not taken this quiz since the last reset